000 00616nam a2200193 4500
999 _c169275
_d169275
005 20191113132047.0
010 _aENG-126882
020 _a9788178245232
_c395.00
035 _aEN-110414
037 _bDBAD/PUB
082 _a330.954
100 _aDreze, Jean
245 _aSense and solidarity :
_bJholawala economics for everyone /
_cby Jean Dreze
260 _aLucknow
_bPermanent Black
_c2018
270 _aHimalyana, Mall Road, Ranikhet Cantt
_bRanikhet
_e263645
_mperblack@gmail.com
300 _aix;343p.
_c22cm(pbk)
500 _aIncludes subject index
942 _2ddc
_cEN
_h330.954
_mDRE